| 000 | 01617nam a2200337 a 4500 | ||
|---|---|---|---|
| 003 | BLK | ||
| 005 | 20250115133342.0 | ||
| 008 | 200701b bu |||||r|||| 00| | bu d | ||
| 020 | _a9789543206919 | ||
| 040 | _aBLK | ||
| 041 |
_aBUL _cBUL |
||
| 080 |
_aБългарска литература _b821.163.2 _x.09(092)(075.3) _z821.163.2.09(092)(075.3) _9227592 |
||
| 080 |
_aБългарски писател, драматург, дисидент _b929 Марков, Георги Иванов _z929 Марков, Георги Иванов _9228433 |
||
| 080 |
_aБългарска литература _b821.163.2 _x-8 _z 821.163.2-8 _9227592 |
||
| 084 | _aМ 32 | ||
| 100 |
_9376753 _aМарков, Георги Иванов |
||
| 245 |
_aИзбрани репортажи и есета _bУчебно помагало _cГеорги Марков; състав. Венцислав Божинов, Любен Марков. |
||
| 260 |
_9209565 _aСофия _bРива _c2021 _f[Пловдив] : Булвест принт |
||
| 300 |
_a151 с. _c24 см |
||
| 380 | _aX | ||
| 500 | _aКой е Георги Марков: с. 5-6 | ||
| 600 | 0 |
_9376753 _aМарков, Георги Иванов |
|
| 650 | 0 |
_9250544 _aПисатели, български - творчество |
|
| 700 |
_91478 _aБожинов, Венцислав Славчев _eсъстав. |
||
| 700 |
_91478 _aМарков, Любен _eсъстав. |
||
| 852 |
_aЦб 318597 _bЦб |
||
| 942 |
_cKNG _n0 _s1 |
||
| 944 |
_aCR _c2023-07-11 _k30545 _lНора Радева |
||
| 999 |
_c492635 _d492635 |
||
| 999 | _d492635 | ||